Регионална библиотека "Любен Каравелов" - Русе

Теоретични основи на възпитанието (Запис номер 4694)

MARC детайли
000 -Лидер
Контролно поле с фиксирана дължина 01755nam a2200349 c 4500
003 - Код на организацията, давaща контролен номер
Контролно поле BLK
005 - Дата и час на последна редакция
Контролно поле 20250220112323.0
008 - Елементи от данни с фиксирана дължина
fixed length control field 180412b bul|||||r ||||||| ||bul||
010 ## - Наследен системен номер
LC control number KNG00005850000
020 ## - Международен стандартен номер на книга ISBN
Международен стандартен номер на книга ISBN 954-8510-16-2
-- издат.: Веда Словена-ЖГ
040 ## - Източник на каталожния запис
Идентификатор на билиотеката - собственик на записа BLK
041 ## - Код за език
Код за езика на текст/звукозапис или на отделно заглавие Български
Код за езика КДБФ Български
080 ## - УДК
Текстов определител УДК Възпитание. Образование. Просвета. Организация на свободното време. Вж и 003;021. 3;159. 9;612;613;727
УДК код - определител по УДК 37
УДК определител .013(075.8)
УДК - код + определител 37.013(075.8)
139 ## - Редно поле
Редна дума Теоретични основи на възпитанието
Авторски знак Тео - Т 49
245 10 - Сведения за заглавието
Заглавие Теоретични основи на възпитанието
Подзаглавни данни За студентите от СУ Св. Климент Охридски
Редно поле (дума) съавт. Мария Белова; съавт. Гинка Димитрова; съавт. Клавдия Сапунджиева; съавт. Нели Бояджиева.
257 ## - Страна на издаване
Страна на създаване/издаване България
260 ## - Област на издателските данни
-- София
Име на издателя, разпространителя и проч. Веда Словена-ЖГ
Година на издаване 1995
300 ## - Физическа характеристика
Страници 352 с.
Размери/Мащаб 24 см
380 ## - Жанр
Жанр Обществени науки
500 ## - Общи забележки
Забележка Други авт.: Г. Димитрова, Н. Бояджиева, Кл. Сапунджиева ; 1 500 тир.
650 #4 - Допълнително описание по предмет – тема
Основно описание – тема или топоним Възпитание - теория - учебници за ВУЗ
9 (RLIN) 249064
700 1# - Други автори (авторска отговорност)
Лично име Белова, Мария
Автороска отговорност (Описва отношението между автора и произведението) съавт.
9 (RLIN) 249061
700 1# - Други автори (авторска отговорност)
Лично име Димитрова, Гинка
Автороска отговорност (Описва отношението между автора и произведението) съавт.
9 (RLIN) 363717
700 1# - Други автори (авторска отговорност)
Лично име Сапунджиева, Клавдия
Автороска отговорност (Описва отношението между автора и произведението) съавт.
9 (RLIN) 249062
700 1# - Други автори (авторска отговорност)
Лично име Бояджиева, Нели
Автороска отговорност (Описва отношението между автора и произведението) съавт.
9 (RLIN) 249063
852 ## - Местоположение
Форматна сигнатура Цб 180537
856 4# - Електронен адрес и достъп
Електронен формат pdf - файл
Път до файла /url/
856 4# - Електронен адрес и достъп
Електронен формат pdf - файл
Път до файла /url/
942 ## - АРТИКУЛИ
Вид на библиотечния материал Книги
Скрит в OPAC Не
Koha issues (borrowed), all copies 5
944 ## - СЪЗДАВАНЕ И РЕДАКЦИЯ на ЗАПИСА
Създаване/Редакция Създаване
Дата на регистрацията/редакция 15.01.2003
Служител, извършил регистрацията/редакцията 30535
Статус, дата на статуса Христина Везирева
944 ## - СЪЗДАВАНЕ И РЕДАКЦИЯ на ЗАПИСА
Създаване/Редакция Редакция
Дата на регистрацията/редакция 15.01.2003
Служител, извършил регистрацията/редакцията
999 ## - СИСТЕМНИ КОНТРОЛНИ НОМЕРА
Koha biblionumber 4694
Koha biblioitemnumber 4694
Наличности
Код за отписване Код за изгубен артикул Източник на класификационната схема Код за повреда Коз за рестрикции Код за отдаване Артикулен № Име на библиотеката - собственик Име на библиотеката, в която се намира в момента Статус (Текущо местоположение) Дата на вписване в системата Местоположение - отдел Цена в лева Инвентарен номер Систематично азбучна сигнатура Баркод Номер на екземпляра Цена в евро Служебна бележка Служебен тип на артикула
  Не е изгубен Universal Decimal Classification Не е повреден без рестрикции ползва се в читалня 8336 Регионална библиотека "Любен Каравелов" Русе Регионална библиотека "Любен Каравелов" Русе Хранилище 2001-01-01 Хранилище 0.00 609949 Цб 180537 120000609949 1 0.00 Дост: Dp Вид: Д N: стар фонд Дата: 01.01.2001 Дата инв: 07.04.2015 Бележки инв: Цб2015 Книги
Vip Innovations Ltd, Rousse, Bulgaria 2025